01005 2200337 4500001002100000005001500021035002000036007000300056008004100059020002200100040002200122082001400144084001600158090002000174090002200194100003000216245011300246250001800359300002900377650001400406700002900420850001200449504003300461264003500494336002100529337003000550338002300580999002200603990002200625990002000647INLIS00000000084772320200728075012 a0010-0519001058ta190523s2015 yoia g 0 ind d a978-602-7981-60-7 aYOPDYOGbinderda04222a321.8 a321.8 SUN m aDEP 321.8 SUN m aCB-D.11 2015-28710 aSunarsod1960-ePengarang10aMembedah demokrasi :bsejarah, konsep, dan implementasinya di Indonesia /cSunarso; penyunting, Ibnu Santoso aEdisi pertama aix, 187 halaman ;c23 cm 4aDemokrasi0 aIbnu SantosoePenyunting aYOPDYOG aBibliografi: halaman 183-18631aYogyakarta :bUNY Press,c2015 2rdacontentateks 2rdamediaatanpa perantara 2rdacarrieravolume aCB-D.11 2015-2871 aCB-D.11/2015-2871 a64430-PD/A.2019